| 000 | 00850 a2200217 4500 | ||
|---|---|---|---|
| 008 | 240605b mp ||||| |||| 00| 0 mon d | ||
| 035 | _a5073 | ||
| 040 |
_aHE0623081 _bmon _cMN-UlNLM _dMN-UlNLM _erda |
||
| 041 | _amon | ||
| 042 | _a8627 | ||
| 084 |
_2NNA _a87.22 _bД.414 |
||
| 100 | _aДикинс Р. | ||
| 245 | 0 | _aУран зураг хүүхдийн ном | |
| 264 |
_aУБ. _bМонсудар хэвлэлийн газар _c2015 |
||
| 300 | _a64х. | ||
| 336 |
_2rdacontent _atext _btxt |
||
| 337 |
_2rdamedia _aunmediated _bn |
||
| 338 |
_2rdacarrier _avolume _bnc |
||
| 650 | _aҮе үеийн хамгийн алдартай гуч гаруй уран зургийг энэ номд оруулж, хүүхдийн танин мэдэхүй, дүрслэх урлагийн мэдлэгт нэмэр болог х... | ||
| 942 |
_2NNA _cBK |
||
| 999 |
_c877437 _d877494 |
||